Statistics for European Countries Given First Two Letters And Last Two Letters

Click here to take the quiz!

General Stats

  • This quiz has been taken 86 times
  • The average score is 13 of 15

Answer Stats

HintAnswer% Correct
GENYGermany
100%
BEUMBelgium
99%
FINDFinland
99%
HURYHungary
99%
CRIACroatia
97%
ALIAAlbania
95%
AUIAAustria
93%
BUIABulgaria
90%
LAIALatvia
88%
LIIALithuania
86%
MOVAMoldova
85%
SANOSan Marino
67%
LIINLiechtenstein
64%
SEIASerbia
62%
MOROMontenegro
56%

Score Distribution

Percentile by Number Answered

Percent of People with Each Score

Your Score History

You have not taken this quiz